000 00965cam a2200277 a 4500
001 2581006
003 PILC
005 20150820132445.0
008 960815s1997 caua b 001 0 eng
010 _a 96038491
020 _a0201352486
040 _aDLC
_cDLC
_dDLC
050 0 0 _aQA 76.9
_b.S88H48 1997
082 0 0 _aCSF 005.79
_bH48 1997
100 1 _aHeuring, Vincent P.
_98500
245 1 0 _aComputer systems design and architecture /
_cVincent P. Heuring, Harry P. Jordan.
260 _aMenlo Park, California :
_bAddison-Wesley,
_c1997.
300 _a571 pages :
_billustrations ;
_c24 cm.
650 0 _aSystem design.
_98501
650 0 _aComputer architecture.
_98502
650 0 _aHigh performance computing.
_98503
700 1 _aJordan, Harry F.
_98504
906 _a7
_bcbc
_corignew
_d1
_eocip
_f19
_gy-gencatlg
942 _2lcc
_cBK
999 _c14293
_d14293